000 01451cam a2200289 a 4500
999 _c1552
_d1552
003 CoMeUDC
005 20220521103407.0
008 190206s2017 ck gr 000 0 spa d
020 _a9789585640801
040 _aCO-BoUEC
_cCO-UdeC
043 _as-ck---
082 0 4 _a347.861
_bL864
100 _91980
_aLópez Blanco, Hernán Fabio
110 1 _aColombia
245 1 0 _aCódigo general del proceso :
_bpruebas /
_cHernan Fabio López Blanco.
260 _aBogotá :
_bDupre Editores,
_c2017.
300 _a563 p. ;
_c23 cm.
500 _aProfesor emérito de la Universidad Externado de Colombia.
504 _aIncluye referencias bibliográficas e índice.
505 _aNociones introductorias -- Los principios informadores y las reglas técnicas del derecho probatorio -- Objeto, tema, licitud, conducencia, pertinencia, utilidad y fin de la prueba -- Los sistemas de valoración de la prueba -- Clases de pruebas -- El decreto y práctica de las pruebas -- De la prueba de declaración de parte -- De la prueba de confesión -- De la prueba del juramento -- La prueba testimonial -- La prueba pericial -- La prueba de inspección judicial -- La prueba por indicios -- La prueba documental -- La prueba por informe
546 _aEspañol.
650 1 4 _aDerecho procesal
_zColombia
650 1 4 _aProcedimiento civil
_zColombia
650 1 4 _aDocumentos administrativos
_zColombia
650 1 4 _aDerecho probatorio
942 _2ddc
_cBK